[Event "EU School-ch U11 Girls"]
[Site "Kallithea"]
[Date "2016.06.24"]
[Round "8"]
[White "Ershova, Margarita"]
[Black "Zhurova, Anna"]
[Result "1/2-1/2"]
[WhiteElo "1568"]
[BlackElo "1503"]
[PlyCount "78"]
[EventDate "2016.06.17"]
[EventType "swiss"]
[EventRounds "9"]
[EventCountry "GRE"]
[SourceTitle "EXT 2017"]
[Source "ChessBase"]
[SourceDate "2016.10.25"]
[SourceVersion "1"]
[SourceVersionDate "2016.10.25"]
[SourceQuality "1"]

1. d4 d5 2. Nc3 Nf6 3. Bf4 c6 4. Qd2 Bf5 5. f3 e6 6. g4 Bg6 7. h4 h6 8. h5 Bh7 9. e3 Bd6 10. Bh2 Qc7 11. Bxd6 Qxd6 12. 0-0-0 Nbd7 13. Bd3 Bxd3 14. Qxd3 Nb6 15. a3 0-0-0 16. Nge2 Rhe8 17. e4 dxe4 18. Nxe4 Nxe4 19. fxe4 e5 20. dxe5 Qxd3 21. cxd3 Rxe5 22. Rhf1 Rc5+ 23. Kb1 f6 24. Rf5 Na4 25. Nf4 Re8 26. Rc1 Rxc1+ 27. Kxc1 Nb6 28. Kd2 Nd7 29. Ng6 b6 30. Ke3 Nc5 31. b4 Nb7 32. Nh4 Nd6 33. Rf1 Kd7 34. Nf5 Rg8 35. Nxd6 Kxd6 36. d4 Ke6 37. Rc1 Kd6 38. Kf4 Re8 39. Kf5 Re7 1/2-1/2